| 000 | 00301nam a22001097a 4500 | ||
|---|---|---|---|
| 082 | _a327 | ||
| 100 |
_aDe Prabir _916283 |
||
| 245 |
_aAct East to Act Indo-Pacific _bIndia's Expanding Neighbourhood |
||
| 260 |
_aNew Delhi _bKW Publishers _c2020 |
||
| 650 |
_aInternational Relations _92185 |
||
| 942 | _cBK | ||
| 999 |
_c68606 _d68606 |
||